Indo-European languages - Statistics

General Stats
  • This quiz has been taken 2,027 times
    1,457 since last reset
  • The average score is 84 of 428
Answer Stats
Language % Correct
Russian
85%
German
84%
Serbo-Croatian
84%
Swedish
83%
Greek
82%
Irish
82%
Norwegian
82%
Danish
81%
Latvian
81%
Lithuanian
81%
Ukrainian
81%
Belarusian
80%
Dutch
80%
English
80%
Polish
80%
Bulgarian
79%
Czech
79%
Slovak
79%
Slovene
79%
Iranian Persian
77%
Italian
77%
Hindi
76%
French
75%
Icelandic
75%
Macedonian
75%
Romanian
75%
Spanish
75%
Welsh
75%
Portuguese
72%
Catalan
68%
Breton
67%
Cornish
66%
Urdu
66%
West Frisian
66%
Bavarian
65%
Sicilian
65%
Armenian
64%
Corsican
64%
Manx
64%
Scots
64%
Faroese
62%
Bengali
61%
Galician
60%
Romansh
58%
Occitan
57%
Scottish Gaelic
56%
Gujarati
54%
Moselle Franconian
54%
Rusyn
53%
Upper Sorbian
53%
Venetian
53%
Kuhmareyi
51%
Lower Silesian
51%
Marathi
51%
Neapolitan
51%
Nepali
51%
Silesian
51%
Tajik
50%
Aragonese
46%
Dari
46%
Kashubian
46%
Aromanian
45%
Lombard
45%
Afrikaans
44%
Od
43%
Sindhi
43%
Tosk
42%
Kashmiri
41%
Ladin
41%
Ligurian
41%
Muslim Tat
41%
Sinhala
41%
Swiss German
41%
Walloon
41%
Eastern Yiddish
40%
Assamese
39%
Asturian
39%
Piedmontese
39%
Odia
38%
Limburgan
37%
Friulian
36%
Mirandese
35%
Prussian
35%
Arpitan
34%
Dhivehi
33%
Gheg
32%
Lower Sorbian
32%
Swabian
32%
Bhojpuri
31%
Maithili
31%
{Carpathian} Romani
29%
Emilian
29%
North Frisian
29%
Picard
29%
Extremaduran
28%
Kurmanji
28%
Cypriot Greek
26%
Goan Konkani
26%
Ladino
26%
Pontic
25%
Sorani
25%
Tsakonian
25%
Romagnol
23%
Gurani
22%
Yagnobi
22%
Arbëresh
21%
Bhili
21%
Cappadocian
21%
Chittagonian
21%
Dalecarlian
21%
Dogri
21%
Gilaki
21%
Istro Romanian
21%
Western Armenian
21%
{Baltic} Romani
20%
Istriot
20%
Kho'ini
20%
Northern Pashto
20%
Southern Kurdish
20%
Southern Pashto
20%
Talysh
20%
Arvanitika
19%
Chhattisgarhi
19%
Magahi
19%
Saraiki
19%
Awadhi
18%
Eastern Balochi
18%
Eastern Panjabi
18%
Halbi
18%
Mazanderani
18%
Megleno Romanian
18%
{Northeast} Pashayi
18%
{Northwest} Pashayi
18%
{Southeast} Pashayi
18%
{Southwest} Pashayi
18%
Sylheti
18%
Western Balochi
18%
Western Panjabi
18%
Central Pashto
17%
Haryanvi
17%
Judeo-Tat
17%
Pennsylvania German
17%
Saterfrisian
17%
Southern Balochi
17%
Western Yiddish
17%
Wymysorys
17%
{Balkan} Romani
16%
Fala
16%
India Marwari
16%
Pakistan Marwari
16%
Shina
16%
Shughni
16%
Zeelandic
16%
{Anglo}romani
15%
Domari
15%
{Iron} Ossetian
15%
Ishkashimi
15%
Judeo-Persian
15%
Northern Luri
15%
Ostfränkisch
15%
Rangpuri
15%
Sassarese
15%
Southern Luri
15%
Wakhi
15%
Bukharic
14%
{Digor} Ossetian
14%
Fiji Hindi
14%
Garhwali
14%
Hazaragi
14%
Munji
14%
Ormuri
14%
Palatine German
14%
Sanglechi
14%
{Vlax} Romani
14%
Westphalian
14%
Yidgha
14%
Angika
13%
Bakhtiari
13%
Kalasha
13%
Pahari Potwari
13%
Parachi
13%
Reli
13%
Rohingya
13%
Sarikoli
13%
Aimaq
12%
Cimbrian
12%
Finnish Swedish
12%
Gallurese
12%
Hunsrik
12%
Katë
12%
Khowar
12%
Laki
12%
Logudorese
12%
Mewari
12%
Semnani
12%
{Sinte} Romani
12%
Yazgulyam
12%
Campidanese
11%
Caribbean Hindustani
11%
Gawar-Bati
11%
Judeo-Italian
11%
Jutish
11%
North Hindko
11%
South Hindko
11%
Veddah
11%
West Flemish
11%
Cajun
10%
Dehwari
10%
Indus Kohistani
10%
{Kalo Finnish} Romani
10%
Kumzari
10%
{Rana} Tharu
10%
Soi
10%
Waneci
10%
Ashkun
9%
Eastphalian
9%
Estonian Swedish
9%
Italiot Greek
9%
Kajkavian
9%
Khah
9%
Khandesi
9%
Kirmanjki
9%
Koroshi
9%
Kumaoni
9%
Larestani
9%
Prasun
9%
Sadri
9%
Shabaki
9%
Shumashti
9%
Slavomolisano
9%
Zoroastrian Dari
9%
Bashkardi
8%
Bhatri
8%
Braj
8%
Dameli
8%
Dezfuli
8%
Dimli
8%
East Danish
8%
Gazic
8%
Gronings
8%
Hinduri
8%
Hutterite German
8%
Jamtska
8%
Judeo-Hamedani
8%
Kachchi
8%
Kölsch
8%
Memoni
8%
Merwari
8%
Mòcheno
8%
Nahali
8%
Plautdietsch
8%
Powari
8%
Takestani
8%
Walser
8%
Adivasi Oriya
7%
Bishnupriya
7%
Daman-Diu Portuguese
7%
East Low German
7%
Kangri
7%
Kanjari
7%
Nahari
7%
Romano-Greek
7%
Saurashtra
7%
Tregami
7%
Waigali
7%
Bagheli
6%
Bundeli
6%
Caló
6%
East Middle German
6%
Gawri
6%
Grangali
6%
Gujari
6%
Konkan Marathi
6%
Mewati
6%
Minderico
6%
North Low Saxon
6%
Sambalpuri
6%
Aer
5%
Alamuti
5%
Ashtiani
5%
Bhattiyali
5%
Bodo Parja
5%
Cafundo
5%
Charapa
5%
Chilisso
5%
{Chitwania} Tharu
5%
{Dangaura} Tharu
5%
Danuwar
5%
Dhatki
5%
Dhodia
5%
Eshtehardi
5%
Faetar
5%
Ghera
5%
Gowro
5%
Hindeloopen
5%
Kalkoti
5%
Kamar
5%
Karanic
5%
{Kathoriya} Tharu
5%
Kavir
5%
Kinnauri Pahari
5%
{Kochila} Tharu
5%
Kohistani Shina
5%
Kullu Pahari
5%
Lambadi
5%
Lasgerdi
5%
Lodhi
5%
Malvi
5%
Maraghei
5%
Natanzic
5%
Panchpargania
5%
Phudagi
5%
Shahmirzadi
5%
Shahrudi
5%
Shekhawati
5%
Sindhi Bhil
5%
Ushojo
5%
Adiwasi Garasia
4%
Alviri-Vidari
4%
Bauria
4%
Bhariati
4%
Bhaya
4%
Bhilali
4%
Bhunjia
4%
Bote
4%
Brokskat
4%
Buksa
4%
Chambeali
4%
Chinali
4%
Colonia Tovar
4%
Dhanki
4%
Domaaki
4%
Dotyali
4%
Dubli
4%
Dungar Varli
4%
Dungra Bhil
4%
Gardiol
4%
Godwari
4%
Gurgula
4%
Hadothi
4%
Hajong
4%
Harzani
4%
Jaunsari
4%
Kabatei
4%
Kachi Koli
4%
Kajali
4%
Katkari
4%
Khetrani
4%
Kholosi
4%
Khunsaric
4%
Korlai Portuguese
4%
Kundal Shahi
4%
Kurmukar
4%
Lahul Lohar
4%
Lasi
4%
Luwati
4%
Mahasu Pahari
4%
Mal Paharia
4%
Mankiyali
4%
Mawchi
4%
Musasa
4%
Nayinic
4%
Oraon Sadri
4%
Parkari Koli
4%
Parya
4%
Rajput Garasia
4%
Rathwi Bareli
4%
Razajerdi
4%
Rudbari
4%
Samvedi
4%
Sangisari
4%
Sansi
4%
Sauji
4%
Schiermonnikoogs
4%
Sirajic
4%
Sonha
4%
Sorkhei
4%
Surjapuri
4%
Tangchangya
4%
Terschellings
4%
Upper Taromi
4%
Vaagri Booli
4%
Vaghri
4%
Varhadi
4%
Wadiyara Koli
4%
Bagri
3%
Bajelani
3%
Bilaspuri
3%
Chakma
3%
Darai
3%
Dewas Rai
3%
Dhundari
3%
Gade Lohar
3%
Jadgali
3%
Jumli
3%
Kanauji
3%
Karingani
3%
Kharia Thar
3%
Kudmali
3%
Kupia
3%
Majhi
3%
Mandeali
3%
Noakhali
3%
Palula
3%
Palya Bareli
3%
Pauri Bareli
3%
Rajbanshi
3%
Rathawi
3%
Sivandi
3%
Torwali
3%
Vafsi
3%
Vasavi
3%
Wagdi
3%
Bateri
2%
Bhadrawahi
2%
Chodri
2%
Churahi
2%
Gaddi
2%
Gamit
2%
Goaria
2%
Jandavra
2%
Kabutra
2%
Kumhali
2%
Nimadi
2%
Noiri
2%
Pangwali
2%
Pardhi
2%
Sirmauri
2%
No matching quizzes found
Score Distribution
Percent of People with Each Score
Percentile by Number Answered
Your Score History
You have not taken this quiz since the last reset